MARKETING MANAGEMENT INDIAN CASES (Record no. 9082)

MARC details
000 -LEADER
fixed length control field 00453nam a22001697a 4500
005 - DATE AND TIME OF LATEST TRANSACTION
control field 20260311150548.0
008 - FIXED-LENGTH DATA ELEMENTS--GENERAL INFORMATION
fixed length control field 260311b |||||||| |||| 00| 0 eng d
020 ## - INTERNATIONAL STANDARD BOOK NUMBER
ISBN 978-93-325-8710-6
041 ## - LANGUAGE CODE
Language code of text/sound track or separate title eng
082 ## - DEWEY DECIMAL CLASSIFICATION NUMBER
Classification number 658.800 954 GUP-M
110 ## - MAIN ENTRY--CORPORATE NAME
Corporate name or jurisdiction name as entry element GUPTA, PRACHI & AGGARWAL, ASHITA AND OTHERS
245 ## - TITLE STATEMENT
Title MARKETING MANAGEMENT INDIAN CASES
260 ## - PUBLICATION, DISTRIBUTION, ETC. (IMPRINT)
Place of publication UTTAR PRADESH
Name of publisher PEARSON
Year of publication 2018
300 ## - PHYSICAL DESCRIPTION
Number of Pages E-7;P
650 ## - SUBJECT ADDED ENTRY--TOPICAL TERM
Topical Term MANAGEMENT
942 ## - ADDED ENTRY ELEMENTS (KOHA)
Koha item type Books
Holdings
Lost status Damaged status Collection code Home library Current library Shelving location Date acquired Source of acquisition Cost, normal purchase price Serial Enumeration / chronology Full call number Accession Number Koha item type
    MANAGEMENT JRU Library JRU Library NEW ARRIVAL SHELF 09/03/2026 PURCHASE 575.00 LBI/000883 DATE-06/03/2026 658.800 954 GUP-M 29371 Books